00803nam a2200265 a 450000100060000000300080000600500170001400800410003102000180007202000180009003500190010804000320012704100080015908200240016710000500019124500560024126000460029730000260034349000280036950400290039765000340042665000270046065000230048783000270051059473BD-RjUL20211209080733.0161226s1975 enk b 000 0 eng  a0710081847(c) a0710081855(p) a(BD-RjUL)59597 aDLCcDLCdm.cdBD-RjULbeng aeng 223a362.6bBRS 19751 aBrearley, C. Paulq(Christopher Paul),d1936-10aSocial work, ageing and society /cC. Paul Brearley aLondon :bRoutledge & Kegan Paul,cc1975. avii, 117 p. ;c22 cm. aLibrary of social work. aBibliography: p. 111-117 0aSocial work with older people 0aAgingxSocial aspects. 0aSocial Adjustment. 0aLibrary of social work